Statistics for Best NFL te's 2023-2024 season

Click here to take the quiz!

General Stats

  • This quiz has been taken 89 times
    (63 since last reset)
  • The average score is 7 of 10

Answer Stats

# on listAnswer% Correct
1Travis Kelce
98%
2George Kittle
90%
4Mark Andrews
85%
10Sam Laporta
77%
6T.J. Hockenson
69%
5Jake Ferguson
63%
8Dallas Goedert
56%
9Dalton Schultz
52%
7Cole Kmet
50%
3Dalton Kincaid
50%

Score Distribution

Percentile by Number Answered

Percent of People with Each Score

Your Score History

You have not taken this quiz since the last reset